| 000 | 00883nam a22002537a 4500 | ||
|---|---|---|---|
| 003 | OSt | ||
| 005 | 20250225103908.0 | ||
| 008 | 250225b |||||||| |||| 00| 0 eng d | ||
| 020 | _a9781526411501 (paperback) | ||
| 040 |
_aNUST _beng _cNUST _dNUST _erda |
||
| 050 | _aH61.3 FOG | ||
| 100 |
_aFogarty, Brian J _eAuthor |
||
| 245 |
_aQuantitative social science data with R : _ban introduction / _c Brian J. Fogarty |
||
| 260 |
_aLos Angeles : _bSAGE, _c2023. |
||
| 300 |
_aix, 312 pages : _bIllustrations ; _c25 cm. |
||
| 336 |
_2rdamedia _atext _btxt |
||
| 337 |
_2rdamedia _aunmediated _bn |
||
| 338 |
_2rdamedia _avolume _bnc |
||
| 504 | _aIncludes index. | ||
| 650 | _vSocial sciences -- Research -- Data processing. | ||
| 650 | _vQuantitative research -- Data processing. | ||
| 650 | _vR (Computer program language). | ||
| 942 |
_2lcc _cBOOKS _hH61.3 FOG _kH _mFOG _n0 |
||
| 999 |
_c171335 _d171335 |
||